Metamorphosis

Bibliographic Details
Main Authors: Balls, Michael , 1938- (Author), Bownes, Mary (Author)
Corporate Author: British Society for Development Biology. Symposium
Format: Book
Published: Oxford : Oxford University Press , 1985
Subjects:

MARC

LEADER 00000cam a2200000 7i4500
001 0000003547
005 20160609093000.0
008 021118n
020 |a 0198571836 
090 0 0 |a QL981   |b .B75 1983 
110 0 |a British Society for Development Biology. Symposium (   |k 8th : 1983 :   |j University of Nottingham) 
245 0 0 |a Metamorphosis   |c edited by Michael Balls and Mary Bownes 
260 2 |a Oxford :   |b Oxford University Press ,   |c 1985 
300 |a 439 p. ; ;   |c 24 cm. 
504 |a Includes bibliographies and index 
650 0 |a Metamorphosis   |x Congresses 
700 0 |a Balls, Michael ,   |d 1938- ,   |e author 
700 0 |a Bownes, Mary ,   |e author 
999 |a 1000032689   |b Book   |c OPEN SHELF (30 DAYS)   |e Tembila Campus